00763 2200265 4500001002100000005001700021008004100038020002200079035002400101040001200125082001200137084001800149090001800167100001800185245011200203250001100315260003700326300003200363504003100395650001100426700001500437700001100452850001200463990002200475INLIS00000000002502620170125083646.0  a978-979-911-591-1 0010-011700000000526 aYOPDYOG 223a650 aDEP 650 Has M aDEP 650 Has M aHASNUL ARIFIN aMendirikan startup yang diburu angel investor dan big fundc/Hasnul Arifin, Tri Admojo ; penyunting, Arifin aCet. 1 aYogyakartabMedia Presindoc2016 a199 hlm.b: ilus.c; 23 cm. aBibliografi : hlm. 198-199 aBisnis aTri Admojo aArifin aYOPDYOG aCB-D.11/2016-1079